| 000 | 00740nam a2200253Ia 4500 | ||
|---|---|---|---|
| 003 | OSt | ||
| 005 | 20220918185138.0 | ||
| 006 | a|||||r|||| 00| 0 | ||
| 007 | ta | ||
| 008 | 220917b |||||||| |||| 00| 0 eng d | ||
| 024 | _a49,847 | ||
| 037 | _cTextual | ||
| 040 |
_aARTS _cARTS _beng |
||
| 041 |
_2eng _aeng |
||
| 082 | _aP:75, L6.1,L6.2-;1 | ||
| 100 | _aSebeok Thomas A ed | ||
| 245 | 0 |
_aSpeech surrogates _b drum and whistle system |
|
| 260 |
_aHague _bMouton _c1976 |
||
| 490 | _aApproach to semiotics | ||
| 650 | _aLINGUISTICS | ||
| 700 |
_a Umiker Sebeoko Donna Jean ed _968008 |
||
| 942 |
_hP:75, L6.1,L6.2-;1 _cTEXL _2CC |
||
| 999 |
_c179447 _d179447 |
||